00290nam a22001097a 4500008004100000020001800041082001100059100002600070245002300096260005200119300000900171260530b |||||||| |||| 00| 0 eng d a9789381275385 a001940 aPuranik, Hayavadana K aVaikuntha Varrnane aBangalorebPoorna Prajna Samshodhan Trustc2023 a258p